00348nam a2200121Ia 4500008004100000082001500041100002200056245008200078250000900160260004100169300000800210650000800218191201s2008 xx 000 0 und d a006.3bBEM aBERRY, Michael JA 0aMastering Data Mining The Art and Science of Customer Relationship Management aRep. aN.DelhibWiley Dreautech Indiac2008 a494 aMBA